[Event "Rilton Cup 22nd"]
[Site "Stockholm"]
[Date "1992.??.??"]
[Round "2"]
[White "Winsnes, Rikard"]
[Black "Kharlov, Andrei"]
[Result "0-1"]
[WhiteElo "2360"]
[BlackElo "2555"]
[PlyCount "74"]
[EventDate "1992.12.??"]
[EventType "swiss"]
[EventRounds "9"]
[EventCountry "SWE"]
[SourceTitle "TD"]
[Source "ChessBase"]
[SourceDate "1994.03.01"]
[SourceVersion "1"]
[SourceVersionDate "1994.03.01"]
[SourceQuality "1"]

1. e4 c6 2. d4 d5 3. exd5 cxd5 4. c4 Nf6 5. Nc3 e6 6. Nf3 Bb4 7. cxd5 Nxd5 8.
Bd2 Nc6 9. Bd3 Be7 10. Rc1 O-O 11. O-O Bf6 12. Qe2 Nxc3 13. bxc3 g6 14. Bh6 Re8
15. Rfe1 Bd7 16. Be4 Rc8 17. Qe3 b5 18. Ne5 Nxe5 19. dxe5 Be7 20. Qxa7 Bc5 21.
Qa6 Bxf2+ 22. Kxf2 Qh4+ 23. Kg1 Qxh6 24. Rcd1 Qh4 25. g3 Qe7 26. Rd6 Rxc3 27.
Qb7 Bc8 28. Qxb5 Rf8 29. Qb6 Ra3 30. Red1 Kg7 31. Qf2 Qg5 32. Qc5 Re3 33. Qd4
h5 34. Rf1 h4 35. Bg2 hxg3 36. hxg3 Rxg3 37. Qf2 Qxe5 0-1

[Event "Rilton Cup 22nd"]
[Site "Stockholm"]
[Date "1992.??.??"]
[Round "3"]
[White "Kharlov, Andrei"]
[Black "Jensen, Leif Haugaard"]
[Result "1-0"]
[WhiteElo "2555"]
[BlackElo "2205"]
[PlyCount "83"]
[EventDate "1992.12.??"]
[EventType "swiss"]
[EventRounds "9"]
[EventCountry "SWE"]
[SourceTitle "TD"]
[Source "ChessBase"]
[SourceDate "1994.03.01"]
[SourceVersion "1"]
[SourceVersionDate "1994.03.01"]
[SourceQuality "1"]

1. e4 e6 2. d4 d5 3. e5 c5 4. c3 Nc6 5. Nf3 Bd7 6. Be2 b5 7. O-O b4 8. cxb4
Nxb4 9. dxc5 Bxc5 10. a3 Nc6 11. b4 Bb6 12. Nc3 Nge7 13. Bb2 O-O 14. Na4 Ng6
15. Nxb6 Qxb6 16. Qd2 Rfc8 17. Rfc1 Nce7 18. h4 h6 19. h5 Nf8 20. Bd4 Qb7 21.
Bc5 Be8 22. b5 Nh7 23. a4 f5 24. Qb4 Kf7 25. a5 g5 26. hxg6+ Nxg6 27. a6 Qd7
28. Be3 Kg7 29. Qd2 h5 30. Qd4 Rc7 31. Rxc7 Qxc7 32. Rc1 Qd8 33. Qc5 Bd7 34.
Qd6 f4 35. Rc7 Nhf8 36. Bxa7 Ne7 37. Bc5 Kf7 38. b6 Nf5 39. Qxf8+ Qxf8 40. Bxf8
Kxf8 41. b7 Rb8 42. Rxd7 1-0

[Event "Rilton Cup 22nd"]
[Site "Stockholm"]
[Date "1992.??.??"]
[Round "5"]
[White "Kharlov, Andrei"]
[Black "Wedberg, Tom"]
[Result "0-1"]
[WhiteElo "2555"]
[BlackElo "2460"]
[PlyCount "92"]
[EventDate "1992.12.??"]
[EventType "swiss"]
[EventRounds "9"]
[EventCountry "SWE"]
[SourceTitle "TD"]
[Source "ChessBase"]
[SourceDate "1994.03.01"]
[SourceVersion "1"]
[SourceVersionDate "1994.03.01"]
[SourceQuality "1"]

1. d4 Nf6 2. c4 e6 3. Nc3 Bb4 4. Qc2 O-O 5. Nf3 c5 6. a3 Bxc3+ 7. Qxc3 b6 8.
dxc5 bxc5 9. Bg5 Nc6 10. e3 Bb7 11. Bd3 Qa5 12. Bxf6 gxf6 13. b4 Qd8 14. Ke2 d6
15. bxc5 dxc5 16. Rhg1 Qe7 17. g4 Rfd8 18. Rg3 e5 19. Nh4 e4 20. Bc2 Qe5 21.
Qxe5 Nxe5 22. g5 f5 23. Nxf5 Nxc4 24. Kf1 Rd2 25. Rc1 Ne5 26. Nh6+ Kf8 27. Ng4
Nd3 28. Bxd3 exd3 29. Ne5 Rd8 30. e4 Bxe4 31. Re3 Bf5 32. Rf3 Be6 33. g6 hxg6
34. Nxg6+ Ke8 35. Nf4 Rc2 36. Rd1 c4 37. Nxe6 fxe6 38. h4 d2 39. Ke2 c3 40. Rg3
Rc1 41. Rgg1 Rc2 42. h5 Kf7 43. Rg3 Rc8 44. h6 Rb2 45. Rgg1 c2 46. Rxd2 Rb1 0-1

[Event "Rilton Cup 22nd"]
[Site "Stockholm"]
[Date "1992.??.??"]
[Round "7"]
[White "Kharlov, Andrei"]
[Black "Sandstrom, Ludvig"]
[Result "1-0"]
[WhiteElo "2555"]
[BlackElo "2295"]
[PlyCount "61"]
[EventDate "1992.12.??"]
[EventType "swiss"]
[EventRounds "9"]
[EventCountry "SWE"]
[SourceTitle "TD"]
[Source "ChessBase"]
[SourceDate "1994.03.01"]
[SourceVersion "1"]
[SourceVersionDate "1994.03.01"]
[SourceQuality "1"]

1. d4 Nf6 2. c4 e6 3. Nc3 Bb4 4. e3 O-O 5. Nge2 d5 6. a3 Be7 7. cxd5 exd5 8.
Nf4 a5 9. Bd3 Re8 10. O-O Na6 11. Bc2 c6 12. f3 Nc7 13. e4 b5 14. e5 Nd7 15.
Kh1 f6 16. Qd3 Nf8 17. Nh5 fxe5 18. dxe5 b4 19. Ne2 Ba6 20. Qd1 Bc5 21. f4 Qh4
22. Nhg3 bxa3 23. bxa3 Re6 24. Nf5 Qg4 25. Ned4 Rg6 26. Qxg4 Rxg4 27. Rf3 Nfe6
28. Be3 Rf8 29. Nxe6 Nxe6 30. Bxc5 Nxc5 31. h3 1-0

[Event "Rilton Cup 22nd"]
[Site "Stockholm"]
[Date "1992.??.??"]
[Round "8"]
[White "Stefansson, Hannes"]
[Black "Kharlov, Andrei"]
[Result "0-1"]
[WhiteElo "2445"]
[BlackElo "2555"]
[PlyCount "88"]
[EventDate "1992.12.??"]
[EventType "swiss"]
[EventRounds "9"]
[EventCountry "SWE"]
[SourceTitle "TD"]
[Source "ChessBase"]
[SourceDate "1994.03.01"]
[SourceVersion "1"]
[SourceVersionDate "1994.03.01"]
[SourceQuality "1"]

1. e4 c5 2. Nf3 Nc6 3. d4 cxd4 4. Nxd4 e5 5. Nb5 d6 6. c4 Be7 7. N1c3 a6 8. Na3
Be6 9. Be2 Bg5 10. O-O Bxc1 11. Rxc1 Nge7 12. Qd2 Nd4 13. Nc2 Nec6 14. Nxd4
Nxd4 15. f4 Qb6 16. Kh1 exf4 17. Rfd1 Nxe2 18. Nxe2 Bg4 19. Rf1 Qe3 20. Qxe3
fxe3 21. Nf4 O-O 22. Rfe1 Rae8 23. Rxe3 f5 24. Kg1 Rxe4 25. Rxe4 fxe4 26. Nd5
Be2 27. b3 b5 28. Re1 Bd3 29. cxb5 Bxb5 30. h3 Re8 31. Kf2 Re5 32. Nc3 Bc6 33.
Ke3 Rg5 34. g4 h5 35. Kf4 Re5 36. gxh5 Rxh5 37. Nxe4 Rh4+ 38. Kf5 g6+ 39. Kxg6
Rxe4 40. Rxe4 Bxe4+ 41. Kf6 Ba8 42. b4 d5 43. Kg5 Kf7 44. a4 Bc6 0-1

[Event "Aalborg op"]
[Site "Aalborg"]
[Date "1993.??.??"]
[Round "1"]
[White "Kharlov, Andrei"]
[Black "Sorensen, Torben Kyhl"]
[Result "1-0"]
[WhiteElo "2535"]
[BlackElo "2320"]
[PlyCount "78"]
[EventDate "1993.??.??"]
[EventType "swiss"]
[EventRounds "9"]
[EventCountry "DEN"]
[SourceTitle "EXT 1999"]
[Source "ChessBase"]
[SourceDate "1998.11.10"]
[SourceVersion "1"]
[SourceVersionDate "1998.11.10"]
[SourceQuality "1"]

1. d4 Nf6 2. c4 c5 3. d5 e5 4. Nc3 d6 5. e4 Be7 6. g3 O-O 7. Bg2 Ne8 8. Nge2
Nd7 9. f4 exf4 10. gxf4 f5 11. exf5 Nb6 12. Qd3 Bxf5 13. Be4 Bxe4 14. Nxe4 Bh4+
15. N4g3 g6 16. Bd2 Bf6 17. Qc2 Nd7 18. O-O-O b5 19. cxb5 a6 20. bxa6 Rxa6 21.
Kb1 Qa8 22. Nc1 Nc7 23. Ne4 Bg7 24. Bc3 Bxc3 25. Nxc3 Rxf4 26. h4 Ne5 27. h5 g5
28. Nd3 Nxd3 29. Qxd3 Qf8 30. Rdf1 Ra8 31. Rxf4 Qxf4 32. Rf1 Qg4 33. Ne4 Ne8
34. Ng3 c4 35. Qc3 h6 36. Nf5 Qxh5 37. Qxc4 Ra7 38. Qe4 Nf6 39. Qe6+ Rf7 1-0

[Event "Aalborg op"]
[Site "Aalborg"]
[Date "1993.??.??"]
[Round "2"]
[White "Ahlander, Bjorn"]
[Black "Kharlov, Andrei"]
[Result "0-1"]
[WhiteElo "2415"]
[BlackElo "2580"]
[PlyCount "90"]
[EventDate "1993.??.??"]
[EventType "swiss"]
[EventRounds "9"]
[EventCountry "DEN"]
[SourceTitle "EXT 1999"]
[Source "ChessBase"]
[SourceDate "1998.11.10"]
[SourceVersion "1"]
[SourceVersionDate "1998.11.10"]
[SourceQuality "1"]

1. d4 d5 2. c4 e6 3. Nc3 c6 4. Nf3 dxc4 5. a4 Bb4 6. e4 b5 7. Be2 Nf6 8. Qc2
Bb7 9. O-O a6 10. e5 Nd5 11. Ng5 Be7 12. Nxd5 cxd5 13. f4 Nc6 14. Be3 Qb6 15.
Nf3 g6 16. g4 h5 17. h3 hxg4 18. hxg4 b4 19. f5 gxf5 20. gxf5 b3 21. Qd1 exf5
22. Kf2 Bc8 23. Rh1 Rxh1 24. Qxh1 Be6 25. Qh8+ Bf8 26. Qh4 Ne7 27. a5 Qc6 28.
Ng5 Ng6 29. Qh1 Kd7 30. Rg1 Be7 31. Nxe6 Rh8 32. Qf3 Qxe6 33. Bg5 Rh2+ 34. Ke1
Bxg5 35. Rxg5 f4 36. Rg2 Nh4 37. Qh5 Rxg2 38. Qxh4 Rxe2+ 39. Kxe2 Qf5 40. Qh6
Qc2+ 41. Ke1 Qc1+ 42. Kf2 Qxb2+ 43. Ke1 Qc1+ 44. Kf2 Qc2+ 45. Ke1 Qg6 0-1

[Event "Aalborg op"]
[Site "Aalborg"]
[Date "1993.??.??"]
[Round "3"]
[White "Kharlov, Andrei"]
[Black "Shipov, Sergei"]
[Result "0-1"]
[WhiteElo "2580"]
[BlackElo "2490"]
[PlyCount "82"]
[EventDate "1993.??.??"]
[EventType "swiss"]
[EventRounds "9"]
[EventCountry "DEN"]
[SourceTitle "EXT 1999"]
[Source "ChessBase"]
[SourceDate "1998.11.10"]
[SourceVersion "1"]
[SourceVersionDate "1998.11.10"]
[SourceQuality "1"]

1. e4 c5 2. Nf3 d6 3. d4 cxd4 4. Nxd4 Nf6 5. Nc3 e6 6. Be2 a6 7. a4 Nc6 8. O-O
Be7 9. Be3 O-O 10. f4 Qc7 11. Kh1 Re8 12. Qd2 Bd7 13. Nb3 b6 14. Bf3 Rab8 15.
Rad1 Rec8 16. Qe2 Na5 17. Nxa5 bxa5 18. Bc1 Rb6 19. e5 Ne8 20. Be4 Bc6 21. Bd3
g6 22. Ne4 Bxa4 23. b3 Bc6 24. Bd2 Bxe4 25. Bxe4 d5 26. Bd3 Bb4 27. Bxa6 Ra8
28. Bxb4 Rbxa6 29. Ra1 Qb7 30. Bc5 Rc6 31. Bd4 Nc7 32. Qd2 Nb5 33. Bb2 Qc7 34.
Rfc1 Nc3 35. Bxc3 Rxc3 36. h4 Rc8 37. h5 Qd8 38. h6 Qh4+ 39. Kg1 Qxh6 40. Rxa5
Qf8 41. Kh2 Qb4 0-1

[Event "Aalborg op"]
[Site "Aalborg"]
[Date "1993.??.??"]
[Round "4"]
[White "Shcherbakov, Ruslan"]
[Black "Kharlov, Andrei"]
[Result "1-0"]
[WhiteElo "2570"]
[BlackElo "2580"]
[PlyCount "75"]
[EventDate "1993.??.??"]
[EventType "swiss"]
[EventRounds "9"]
[EventCountry "DEN"]
[SourceTitle "EXT 1999"]
[Source "ChessBase"]
[SourceDate "1998.11.10"]
[SourceVersion "1"]
[SourceVersionDate "1998.11.10"]
[SourceQuality "1"]

1. d4 Nf6 2. c4 g6 3. Nc3 Bg7 4. e4 d6 5. Be2 O-O 6. Nf3 e5 7. O-O Nc6 8. d5
Ne7 9. Nd2 a5 10. a3 Nd7 11. Rb1 f5 12. b4 Kh8 13. f3 Ng8 14. Qc2 Ngf6 15. Bd3
f4 16. Nb5 b6 17. Bb2 g5 18. Be2 Ne8 19. g4 fxg3 20. hxg3 g4 21. fxg4 axb4 22.
axb4 Qg5 23. Qd3 Rxf1+ 24. Rxf1 Ndf6 25. Nf3 Qg6 26. Nh4 Qxe4 27. g5 Qxd3 28.
Bxd3 Nh5 29. Kg2 Ra2 30. Rf2 Bb7 31. Nf5 Kg8 32. Ne7+ Kh8 33. Be4 Ba6 34. Bf3
Rxb2 35. Rxb2 e4 36. Bxh5 Bxb2 37. Bxe8 Bxb5 38. Bxb5 1-0

[Event "Aalborg op"]
[Site "Aalborg"]
[Date "1993.??.??"]
[Round "5"]
[White "Kharlov, Andrei"]
[Black "Christensen, Tobias"]
[Result "1-0"]
[WhiteElo "2580"]
[BlackElo "2380"]
[PlyCount "39"]
[EventDate "1993.??.??"]
[EventType "swiss"]
[EventRounds "9"]
[EventCountry "DEN"]
[SourceTitle "EXT 1999"]
[Source "ChessBase"]
[SourceDate "1998.11.10"]
[SourceVersion "1"]
[SourceVersionDate "1998.11.10"]
[SourceQuality "1"]

1. e4 e5 2. Nf3 Nf6 3. d4 Nxe4 4. Bd3 d5 5. Nxe5 Nd7 6. Nxd7 Bxd7 7. O-O Qh4 8.
c4 O-O-O 9. c5 g5 10. Nc3 Bg7 11. g3 Qh3 12. Nxe4 dxe4 13. Bxe4 Bb5 14. Bg2 Qf5
15. Be3 Bxf1 16. Bxf1 c6 17. Qa4 h5 18. Qxa7 Rxd4 19. Re1 Rhd8 20. Bxd4 1-0

[Event "Aalborg op"]
[Site "Aalborg"]
[Date "1993.??.??"]
[Round "7"]
[White "Kharlov, Andrei"]
[Black "Pedersen, Steffen"]
[Result "1/2-1/2"]
[WhiteElo "2580"]
[BlackElo "2390"]
[PlyCount "48"]
[EventDate "1993.??.??"]
[EventType "swiss"]
[EventRounds "9"]
[EventCountry "DEN"]
[SourceTitle "EXT 1999"]
[Source "ChessBase"]
[SourceDate "1998.11.10"]
[SourceVersion "1"]
[SourceVersionDate "1998.11.10"]
[SourceQuality "1"]

1. e4 e5 2. Nf3 d6 3. d4 Nf6 4. Nc3 Nbd7 5. Bc4 Be7 6. O-O O-O 7. Re1 c6 8. a4
a5 9. Ba2 Re8 10. Ng5 Rf8 11. Be3 h6 12. Bxf7+ Rxf7 13. Ne6 Qb6 14. dxe5 Qxb2
15. exf6 Bxf6 16. Bd4 Bxd4 17. Qxd4 Ne5 18. Nd8 Rf6 19. Rab1 Qxc2 20. Re2 Nf3+
21. gxf3 Rg6+ 22. Kh1 Qxb1+ 23. Nxb1 Bh3 24. Qb6 Bg2+ 1/2-1/2

[Event "Aalborg op"]
[Site "Aalborg"]
[Date "1993.??.??"]
[Round "8"]
[White "Danielsen, Henrik"]
[Black "Kharlov, Andrei"]
[Result "0-1"]
[WhiteElo "2445"]
[BlackElo "2580"]
[PlyCount "80"]
[EventDate "1993.??.??"]
[EventType "swiss"]
[EventRounds "9"]
[EventCountry "DEN"]
[SourceTitle "EXT 1999"]
[Source "ChessBase"]
[SourceDate "1998.11.10"]
[SourceVersion "1"]
[SourceVersionDate "1998.11.10"]
[SourceQuality "1"]

1. Nf3 d5 2. c4 c6 3. d4 e6 4. Bg5 Be7 5. Bxe7 Qxe7 6. Nbd2 Nf6 7. e3 O-O 8.
Rc1 Nbd7 9. cxd5 exd5 10. Bd3 Ne4 11. O-O f5 12. Qe2 Rf6 13. Rfd1 Rh6 14. Nf1
a5 15. Rc2 Kh8 16. Rdc1 g5 17. a3 a4 18. Qe1 g4 19. N3d2 Ndf6 20. f4 gxf3 21.
Nxf3 Be6 22. Bxe4 Nxe4 23. Ng3 Rg8 24. Ne2 Nf6 25. Nf4 Ng4 26. Qb4 Qg7 27. Re2
Bc8 28. Qxa4 Nxe3 29. Qb3 Nc4 30. Ne5 Rh4 31. Qg3 Nxe5 32. Qxg7+ Rxg7 33. Nxd5
Ng6 34. Nb6 Bd7 35. Rd2 h6 36. Rc5 Be6 37. Ra5 Nf4 38. g3 Nd5 39. Ra8+ Kh7 40.
Nc4 f4 0-1

[Event "Aalborg op"]
[Site "Aalborg"]
[Date "1993.??.??"]
[Round "9"]
[White "Kharlov, Andrei"]
[Black "Maksimenko, Andrei"]
[Result "1-0"]
[WhiteElo "2580"]
[BlackElo "2435"]
[PlyCount "61"]
[EventDate "1993.??.??"]
[EventType "swiss"]
[EventRounds "9"]
[EventCountry "DEN"]
[SourceTitle "EXT 1999"]
[Source "ChessBase"]
[SourceDate "1998.11.10"]
[SourceVersion "1"]
[SourceVersionDate "1998.11.10"]
[SourceQuality "1"]

1. e4 c5 2. c3 d6 3. d4 Nf6 4. dxc5 Nc6 5. Qc2 dxc5 6. Bf4 e5 7. Bg3 a6 8. Nf3
Qc7 9. a4 Bg4 10. Nbd2 Be7 11. Be2 Nh5 12. Nc4 Bxf3 13. Bxf3 Nxg3 14. hxg3 Bg5
15. a5 Rd8 16. O-O O-O 17. Qa4 Ne7 18. Rfd1 g6 19. Rxd8 Rxd8 20. Rd1 Nc6 21.
Rd5 Be7 22. Bd1 Kf8 23. g4 Kg7 24. Bf3 Kf8 25. g3 Kg7 26. Be2 Bf8 27. Kg2 Be7
28. Bd1 Kf8 29. Nb6 Rxd5 30. exd5 Nxa5 31. Qxa5 1-0

[Event "Oviedo rapid"]
[Site "Oviedo"]
[Date "1993.??.??"]
[Round "3"]
[White "Kharlov, Andrei"]
[Black "Paramos Dominguez, Roberto"]
[Result "1-0"]
[WhiteElo "2580"]
[BlackElo "2315"]
[PlyCount "85"]
[EventDate "1993.??.??"]
[EventType "swiss (rapid)"]
[EventRounds "13"]
[EventCountry "ESP"]
[SourceTitle "CBM 038 ext"]
[Source "ChessBase"]
[SourceDate "1994.03.01"]
[SourceVersion "1"]
[SourceVersionDate "1994.03.01"]
[SourceQuality "1"]

1. e4 c5 2. c3 e6 3. d4 d5 4. exd5 exd5 5. Nf3 Nc6 6. Bb5 Bd6 7. dxc5 Bxc5 8.
O-O Nge7 9. Nbd2 O-O 10. Nb3 Bb6 11. Re1 Qd6 12. Be3 Bg4 13. Bxb6 axb6 14. Be2
Rfe8 15. Nfd4 Bd7 16. Nb5 Qf4 17. g3 Qb8 18. Bg4 Bxg4 19. Qxg4 Ne5 20. Qd1 Nc4
21. Qc2 Qd8 22. N3d4 Qd7 23. b3 Nd6 24. Nxd6 Qxd6 25. Nb5 Qd7 26. a4 Nc6 27.
Rad1 Ne5 28. Re3 Ng4 29. Re2 Qc6 30. Rde1 Rxe2 31. Qxe2 h5 32. Qd2 Qf6 33. Qd4
Qf3 34. h3 Nf6 35. Nd6 h4 36. Re3 Qh5 37. g4 Qg6 38. Nf5 Kh8 39. Kg2 b5 40.
axb5 Ra2 41. c4 Ne4 42. Rxe4 dxe4 43. Qd8+ 1-0

[Event "Oviedo rapid"]
[Site "Oviedo"]
[Date "1993.??.??"]
[Round "4"]
[White "Garcia Palermo, Carlos"]
[Black "Kharlov, Andrei"]
[Result "0-1"]
[WhiteElo "2475"]
[BlackElo "2580"]
[PlyCount "92"]
[EventDate "1993.??.??"]
[EventType "swiss (rapid)"]
[EventRounds "13"]
[EventCountry "ESP"]
[SourceTitle "CBM 038 ext"]
[Source "ChessBase"]
[SourceDate "1994.03.01"]
[SourceVersion "1"]
[SourceVersionDate "1994.03.01"]
[SourceQuality "1"]

1. d4 d5 2. c4 e6 3. Nf3 c6 4. e3 Nd7 5. Nbd2 f5 6. b3 Ngf6 7. Bb2 Bd6 8. g3
O-O 9. Bg2 a5 10. O-O a4 11. c5 Bb8 12. b4 b6 13. Qc2 bxc5 14. bxc5 Ne4 15.
Rab1 Ndf6 16. Ne5 Nxd2 17. Qxd2 Bxe5 18. dxe5 Ne4 19. Qc2 Ba6 20. Rfc1 Bc4 21.
Bd4 Qa5 22. Bf1 Bxf1 23. Rxf1 Rab8 24. Rbd1 Rb5 25. f3 Ng5 26. h4 Nf7 27. g4
Nh6 28. g5 Nf7 29. f4 Rfb8 30. Rd3 Rb4 31. Ra3 Qb5 32. Rf2 h5 33. Qe2 Qxe2 34.
Rxe2 Nh8 35. Kg2 Ng6 36. Kg3 Ne7 37. Bc3 Rc4 38. Ba5 Rb1 39. Rc3 Rb5 40. Rxc4
dxc4 41. Bc3 Nd5 42. Bd4 c3 43. a3 Rb3 44. Ra2 Nc7 45. Kf3 Nb5 46. Ke2 Nxd4+
0-1

[Event "Oviedo rapid"]
[Site "Oviedo"]
[Date "1993.??.??"]
[Round "6"]
[White "San Segundo Carrillo, Pablo"]
[Black "Kharlov, Andrei"]
[Result "1/2-1/2"]
[WhiteElo "2440"]
[BlackElo "2580"]
[PlyCount "92"]
[EventDate "1993.??.??"]
[EventType "swiss (rapid)"]
[EventRounds "13"]
[EventCountry "ESP"]
[SourceTitle "CBM 038 ext"]
[Source "ChessBase"]
[SourceDate "1994.03.01"]
[SourceVersion "1"]
[SourceVersionDate "1994.03.01"]
[SourceQuality "1"]

1. c4 e5 2. Nc3 Nf6 3. Nf3 Nc6 4. g3 d5 5. cxd5 Nxd5 6. Bg2 Nb6 7. O-O Be7 8.
a3 O-O 9. b4 Re8 10. Rb1 Bf8 11. d3 Nd4 12. Ne1 c6 13. e3 Nb5 14. Bb2 Nxc3 15.
Bxc3 Nd5 16. Ba1 a5 17. e4 Nc7 18. bxa5 Bxa3 19. Qa4 Bd6 20. d4 Nb5 21. dxe5
Bxe5 22. Bxe5 Rxe5 23. Nf3 Re8 24. Ra1 Bg4 25. Rfe1 g6 26. e5 Bxf3 27. Bxf3 Qd4
28. Kg2 Qxa4 29. Rxa4 Ra6 30. h4 h5 31. Re3 Kg7 32. Be2 b6 33. Bxb5 cxb5 34.
Rb4 Rxa5 35. f4 Rd8 36. Kf3 Rd5 37. e6 fxe6 38. Rxe6 Ra3+ 39. Re3 Rxe3+ 40.
Kxe3 Kf6 41. Ke4 Rc5 42. Rb3 Ke6 43. Kf3 Kf5 44. Ke3 Kg4 45. Ke4 Rc6 46. Kd4
Rc4+ 1/2-1/2

[Event "Oviedo rapid"]
[Site "Oviedo"]
[Date "1993.??.??"]
[Round "7"]
[White "Kharlov, Andrei"]
[Black "Foisor, Ovidiu Doru"]
[Result "1-0"]
[WhiteElo "2580"]
[BlackElo "2425"]
[PlyCount "49"]
[EventDate "1993.??.??"]
[EventType "swiss (rapid)"]
[EventRounds "13"]
[EventCountry "ESP"]
[SourceTitle "CBM 038 ext"]
[Source "ChessBase"]
[SourceDate "1994.03.01"]
[SourceVersion "1"]
[SourceVersionDate "1994.03.01"]
[SourceQuality "1"]

1. e4 e6 2. d4 d5 3. Nc3 dxe4 4. Nxe4 Bd7 5. Nf3 Bc6 6. Bd3 Nd7 7. Qe2 Ngf6 8.
Neg5 Bxf3 9. Nxf3 Be7 10. Bd2 O-O 11. O-O-O c5 12. g4 cxd4 13. g5 Nd5 14. h4
Qc7 15. Nxd4 Nc5 16. Bc4 Rfd8 17. Kb1 a6 18. Nb3 b5 19. Ba5 Nb6 20. Nxc5 Qxc5
21. Bxe6 Rab8 22. Bb3 Re8 23. Bxb6 Qxb6 24. Rd7 Rb7 25. Qf3 1-0

[Event "Oviedo rapid"]
[Site "Oviedo"]
[Date "1993.??.??"]
[Round "10"]
[White "Kumaran, Dharshan"]
[Black "Kharlov, Andrei"]
[Result "0-1"]
[WhiteElo "2385"]
[BlackElo "2580"]
[PlyCount "41"]
[EventDate "1993.??.??"]
[EventType "swiss (rapid)"]
[EventRounds "13"]
[EventCountry "ESP"]
[SourceTitle "CBM 038 ext"]
[Source "ChessBase"]
[SourceDate "1994.03.01"]
[SourceVersion "1"]
[SourceVersionDate "1994.03.01"]
[SourceQuality "1"]

1. d4 d5 2. c4 dxc4 3. e4 Nf6 4. e5 Nd5 5. Bxc4 Nb6 6. Bb3 Bf5 7. Nc3 e6 8.
Nge2 Nc6 9. a3 Qd7 10. O-O Be7 11. Be3 Na5 12. Bc2 Bxc2 13. Qxc2 Nbc4 14. Ne4
O-O-O 15. Bf4 f6 16. Rfd1 fxe5 17. dxe5 Qb5 18. Rdb1 Nxe5 19. N2c3 Qd3 20. Qb3
Qc4 21. Qb5 0-1

[Event "Oviedo rapid"]
[Site "Oviedo"]
[Date "1993.??.??"]
[Round "13"]
[White "Kharlov, Andrei"]
[Black "Markowski, Tomasz"]
[Result "1-0"]
[WhiteElo "2580"]
[BlackElo "2450"]
[PlyCount "73"]
[EventDate "1993.??.??"]
[EventType "swiss (rapid)"]
[EventRounds "13"]
[EventCountry "ESP"]
[SourceTitle "CBM 038 ext"]
[Source "ChessBase"]
[SourceDate "1994.03.01"]
[SourceVersion "1"]
[SourceVersionDate "1994.03.01"]
[SourceQuality "1"]

1. e4 c5 2. Nf3 e6 3. c3 d5 4. exd5 exd5 5. d4 Nc6 6. Bb5 Bd6 7. dxc5 Bxc5 8.
O-O Nge7 9. Nbd2 O-O 10. Nb3 Bd6 11. Be3 Bg4 12. h3 Bh5 13. Be2 Re8 14. Bc5 Bb8
15. Re1 Bc7 16. Nfd4 Bxe2 17. Qxe2 Qd7 18. Qg4 Qxg4 19. hxg4 Rad8 20. Rad1 a6
21. Kf1 Ne5 22. f4 N5c6 23. g3 Nxd4 24. Bxe7 Rd7 25. Ba3 Rxe1+ 26. Rxe1 Ne6 27.
Nc5 Rd8 28. Nxb7 Rb8 29. Nc5 Nxc5 30. Bxc5 h5 31. gxh5 Rxb2 32. Re8+ Kh7 33.
Bd4 Ba5 34. Re7 Kg8 35. h6 gxh6 36. Re8+ Kh7 37. f5 1-0

[Event "Pinsk"]
[Site "Pinsk"]
[Date "1993.??.??"]
[Round "?"]
[White "Agrest, Evgenij"]
[Black "Kharlov, Andrei"]
[Result "0-1"]
[WhiteElo "2465"]
[BlackElo "2535"]
[PlyCount "122"]
[EventDate "1993.??.??"]
[EventType "tourn"]
[EventRounds "9"]
[EventCountry "BLR"]
[EventCategory "10"]
[SourceTitle "CBM 038"]
[Source "ChessBase"]
[SourceDate "1994.02.01"]
[SourceVersion "1"]
[SourceVersionDate "1994.02.01"]
[SourceQuality "1"]

1. d4 d5 2. c4 dxc4 3. e4 Nf6 4. e5 Nd5 5. Bxc4 Nb6 6. Bb3 Bf5 7. Nc3 Nc6 8.
Nge2 Qd7 9. O-O e6 10. a3 Be7 11. Ba2 O-O-O 12. Be3 f6 13. f4 h6 14. Qe1 fxe5
15. fxe5 Bg5 16. Bf2 h5 17. b4 Kb8 18. Bb3 h4 19. h3 Qe8 20. Rd1 Qg6 21. Kh1
Bc2 22. Bxc2 Qxc2 23. Ng1 Nc4 24. Nf3 Bd2 25. Rxd2 Qxc3 26. Ra2 Qb3 27. Qb1
Qxb1 28. Rxb1 Rdf8 29. Nxh4 Ne7 30. Nf3 Rxh3+ 31. gxh3 Rxf3 32. Kg2 Rd3 33. Rc1
Nxa3 34. Rca1 Nb5 35. d5 Nxd5 36. Bxa7+ Kc8 37. Bf2 Nf4+ 38. Kf1 Rxh3 39. Ra8+
Kd7 40. Rg8 g6 41. Rg7+ Kc6 42. Rc1+ Nc3 43. b5+ Kd5 44. Rd7+ Ke4 45. Re1+ Kf5
46. Rxc7 Rh1+ 47. Bg1 Nxb5 48. Rf7+ Kg4 49. Re4 g5 50. Rc4 Na3 51. Ra4 Nb1 52.
Rxb7 Nd2+ 53. Kf2 Nf3 54. Rb1 Rh3 55. Rb8 Rg3 56. Rxf4+ gxf4 57. Rg8+ Ng5 58.
Kf1 Rd3 59. Bc5 Kf3 60. Ke1 Ne4 61. Bg1 Nc3 0-1

[Event "Pinsk"]
[Site "Pinsk"]
[Date "1993.??.??"]
[Round "?"]
[White "Berezjuk, Sergej"]
[Black "Kharlov, Andrei"]
[Result "1/2-1/2"]
[WhiteElo "2435"]
[BlackElo "2535"]
[PlyCount "125"]
[EventDate "1993.??.??"]
[EventType "tourn"]
[EventRounds "9"]
[EventCountry "BLR"]
[EventCategory "10"]
[SourceTitle "CBM 038"]
[Source "ChessBase"]
[SourceDate "1994.02.01"]
[SourceVersion "1"]
[SourceVersionDate "1994.02.01"]
[SourceQuality "1"]

1. e4 c5 2. Nf3 Nc6 3. Bb5 g6 4. Bxc6 bxc6 5. O-O Bg7 6. Re1 f6 7. c3 Nh6 8. d4
cxd4 9. cxd4 O-O 10. Nc3 Qa5 11. Bf4 Nf7 12. e5 g5 13. exf6 exf6 14. Bg3 d5 15.
Nd2 Bf5 16. Nb3 Qb4 17. a3 Qb7 18. Na5 Qb6 19. b4 Rae8 20. Qd2 Bd7 21. Na4 Qd8
22. Nc5 Rxe1+ 23. Rxe1 Re8 24. Nab7 Qc8 25. Nd6 Nxd6 26. Bxd6 Qd8 27. Rxe8+
Qxe8 28. Qe3 Qxe3 29. fxe3 Bc8 30. Bb8 a6 31. Bd6 Kf7 32. Kf2 f5 33. g3 Bf6 34.
Kf3 Bd8 35. Nd3 Ke6 36. Bb8 Be7 37. Bc7 Bd7 38. Ne5 Bf6 39. Nd3 Be7 40. h4 h6
41. Be5 Be8 42. Bg7 Bh5+ 43. Kf2 Bd1 44. Bxh6 gxh4 45. gxh4 Bxh4+ 46. Kg2 Be7
47. Bf4 Be2 48. Ne5 Bb5 49. Bg3 Bg5 50. Kf3 Bf6 51. Ng6 Kf7 52. Nf4 Bg5 53. Nh3
Kg6 54. Bf4 Be7 55. Bc7 Bg5 56. Nf2 Bh4 57. Bg3 Bg5 58. Nd1 Ba4 59. Nc3 Bb3 60.
Bc7 Bh4 61. Bg3 Bd8 62. Bd6 Bh4 63. Bg3 1/2-1/2